000 00836cam a2200241 a 4500
001 17242405
005 20170306110924.0
008 120404s2013 moua b 001 0 eng
020 _a9780323059121
040 _cPK-LaUMT
082 0 0 _a615.85152
_223
_bPED-
245 0 0 _aPedretti's occupational therapy :
_bpractice skills for physical dysfunction /
_cedited by Heidi McHugh Pendleton, and Winifred Schultz-Krohn
250 _a7th ed.
260 _aSt. Louis, Mo. :
_bElsevier,
_c2013
300 _axviii, 1306 p. :
_bill. ;
_c28 cm.
500 _aRev. ed. of: Occupational therapy. 5th ed. c2001.
650 0 _aPeople with disabilities
_xRehabilitation.
650 0 _aOccupational therapy.
700 1 _aPedretti, Lorraine Williams,
700 1 _aPendleton, Heidi McHugh.
700 1 _aSchultz-Krohn, Winifred.
942 _cBK
999 _c91418
_d91418